00390nam a2200157Ia 45000010006000000050017000060080041000230410008000640820018000721000025000902450064001152600009001793000028001886500008002166540008002241331120260306164752.0260306t2001||||xx |||||||||||||| ||spa|| aESP aS 001.42bO67 aOrna, ElisabetheAUT 0aCómo usar la información en trabajos de investigación c2001 a237 páginas :c23 cm. aGEN aCHU